Statistiques concernant Culture Générale - Série 1311

Cliquez ici pour prendre le quiz!

Statistiques générales

  • Ce quiz a été pris 44 fois
  • Le résultat moyen est 5 sur 10

Statistiques - réponses

QuestionRéponse% Correct
Quel est le plus populaire des jeux de boule ?pétanque
95%
Quelle île a été magnifiée par Tino Rossi ?Corse
80%
Dans quelle ville Jean-Charles Pellerin a-t-il créé une célèbre fabrique d’images ?Épinal
75%
Qui était le supérieur de Louis De Funès dans la série des Gendarmes ?Michel Galabru
75%
Quel pays a remporté la coupe du monde de football en 1978 ?Argentine
53%
Quel a été le premier satellite artificiel en orbite autour de la terre ?Spoutnik
53%
Quel pays est aussi appelé le « Royaume Wahhabite » ?Arabie Saoudite
43%
Quel est le nouveau nom du pays africain appelé autrefois Bechuanaland, ?Botswana
40%
Quel était le nom de la navette spatiale qui a explosé en vol en 1986 ?Challenger
28%
Quel Toréador est amoureux de Carmen ?Escamillo
3%

Distribution des résultats

Percentile par nombre de réponses

% des personnes avec chaque résultat

Votre développement - résultats

Vous n’avez pas pris ce quiz